Bolo Francisco : (Registro nro. 8093)

Detalles MARC
000 -LIDER
fixed length control field 01385nam a2200397 a 4500
001 - NÚMERO DE CONTROL
Identificador de número de control 000011337
003 - IDENTIFICACDOR DE NÚMERO DE CONTROL
control field DO-SdBNP
005 - DATE AND TIME OF LATEST TRANSACTION
control field 20171009101327.0
007 - CAMPOS FIJOS DE DESCRIPCIÓN FÍSICA
fixed length control field 000011337
008 - ELEMENTOS DE LONGITUD FIJA
fixed length control field 091016s2000 dr 000 0 spa d
020 ## - ISBN
International Standard Book Number 99934310001
040 ## - FUENTE DE CATALOGACIÓN
Agencia que crea de manera original el registro BPMSU
Idioma de catalogación spa
Agencia que realiza la transcripción BPMSU
082 #4 - NÚMERO DE CLASIFICACIÓN DECIMAL DE DEWEY
Classification number RD862.44
Item number D611b, 2000
100 1# - ASIENTO PRINCIPAL -- NOMBRE PERSONAL
Nombre personal Disla, Reynaldo,
Fechas asociadas con el nombre 1956-
245 10 - MENCIÓN DE TITULO
Título Bolo Francisco :
Subtítulo teatro /
Mención de responsabilidad Reynaldo Disla ; presentación Diómedes Núñez Polanco ; coordinador Miguel Collado
250 ## - MENCIÓN DE EDICION
Mención de edición 2a ed.
260 ## - PUBLICACIÓN, DISTRIBUCIÓN, ETC. (PIE DE IMPRENTA)
Lugar de publicación, distribución, etc Santo Domingo :
Nombre del editor, distribuidor, etc. Biblioteca Nacional,
Fecha de publicación, distribución, etc 2000.
300 ## - DESCRIPCIÓN FÍSICA
Extensión 140 p. ;
Dimensiones 23 cm.
490 1# - MENCIÓN DE SERIES
Mención de serie Colección de la Biblioteca Nacional
586 ## - AWARDS NOTE
Awards note Premio Casa de las Américas 1985.
650 #4 - ENCABEZAMIENTO DE MATERIA--TEMÁTICO
Término temático o nombre geográfico como elemento de entrada TEATRO DOMINICANO
650 #4 - ENCABEZAMIENTO DE MATERIA--TEMÁTICO
Término temático o nombre geográfico como elemento de entrada LITERATURA DOMINICANA
700 1# - ASIENTO SECUNDARIO -- NOMBRE PERSONAL
Nombre personal Callado, Miguel
Mención de responsabilidad coor.
700 1# - ASIENTO SECUNDARIO -- NOMBRE PERSONAL
Nombre personal Diómedes Núñez Polanco.
Mención de responsabilidad pres.
830 #0 - ASIENTO SECUNDARIO DE SERIE--TÍTULO UNIFORME
Título uniforme Colección de la Biblioteca Nacional
910 ## - VALIDACIÓN
Validación Validado. Control de calidad BNPHU
930 #1 - EQUIVALENCE OR CROSS-REFERENCE-UNIFORM TITLE HEADING [LOCAL, CANADA]
Language of a work BND01
Medium of performance for music LF1
Field link and sequence number 20091016
Date of a work 04
Name of part/section of a work HD
Miscellaneous information 6525
930 #1 - EQUIVALENCE OR CROSS-REFERENCE-UNIFORM TITLE HEADING [LOCAL, CANADA]
Language of a work BND01
Medium of performance for music LF1
Field link and sequence number 20091016
Date of a work 04
Name of part/section of a work HD
Miscellaneous information 6524
930 #1 - EQUIVALENCE OR CROSS-REFERENCE-UNIFORM TITLE HEADING [LOCAL, CANADA]
Language of a work BND01
Medium of performance for music LF1
Field link and sequence number 20091016
Date of a work 01
Name of part/section of a work HD
Miscellaneous information 6524
Medium e. 2
942 ## - ADDED ENTRY ELEMENTS (KOHA)
Source of classification or shelving scheme Dewey Decimal Classification
Koha item type Libros
945 ## - INFORMACIÓN DE PROCESAMIENTO LOCAL
Información de procesamiento local Inventariado, 2017/MFF
956 ## - LOCAL ELECTRONIC LOCATION AND ACCESS (OCLC)
Nombre de host AVARGAS
Número de acceso 10
Información de compresión 20091016
Inicio de sesión BND01
Procesador de solicitud 1057
956 ## - LOCAL ELECTRONIC LOCATION AND ACCESS (OCLC)
Nombre de host RABREU
Número de acceso 10
Información de compresión 20091019
Inicio de sesión BND01
Procesador de solicitud 1106
956 ## - LOCAL ELECTRONIC LOCATION AND ACCESS (OCLC)
Nombre de host MMOLINA
Número de acceso 40
Información de compresión 20110908
Inicio de sesión BND01
Procesador de solicitud 1210
956 ## - LOCAL ELECTRONIC LOCATION AND ACCESS (OCLC)
Nombre de host VMATEO
Número de acceso 10
Información de compresión 20150806
Inicio de sesión BPMSU
Procesador de solicitud 000151
Existencias
Withdrawn status Lost status Source of classification or shelving scheme Damaged status Not for loan Collection code Home library Current library Date acquired Total Checkouts Full call number Barcode Date last seen Price effective from Koha item type Copy number
    Dewey Decimal Classification     Colección Dominicana Biblioteca Pública Metropolitana Salomé Ureña Biblioteca Pública Metropolitana Salomé Ureña 08/06/2015   RD862.44 D611s 2000 BPMSU5080111 08/06/2015 08/06/2015 Libros  
    Dewey Decimal Classification     Colección Dominicana Biblioteca Pública Metropolitana Salomé Ureña Biblioteca Pública Metropolitana Salomé Ureña 08/06/2015   RD862.44 D611s 2000 BPMSU15080112 08/06/2015 08/06/2015 Libros ej. 2